000 01573nkm a2200325 i 4500
001 4267
003 ES-MaACL
005 20250819062046.0
007 khrbo
008 070705s1988 sp --- g |001||spa d
100 0 _aAlfonso,
_d1902-1990
_919858
245 1 0 _aMadrid, capital europea de la Cultura 1992 [
_hFotografía] /
_cAlfonso (sello).
260 _a[S.l. :
_bs.n.],
_c1988.
300 _a2 fot. :
_bb. y n. ;
_c12 x 18 cm.
490 1 _aHomenaje a Madrid, en abril
500 _aDatos basados en invitación.
505 8 _aIncluye concierto de zarzuela y canción lírica por José Fernando Martínez
511 0 _aInterviene: Santiago Estecha Fernández; presenta: Blanca Bravo Montilla.
518 _aActo organizado por la Sección de Ciencias Jurídicas y Políticas del Ateneo de Madrid en colaboración con Acción Republicana Democrática Española (ARDE), celebrado en el salón de actos el lunes, 4 de abril de 1988, a las 19:30 h.
600 1 4 _aEstecha Fernández, Santiago.
_948088
600 1 4 _aMartínez, José Fernando.
_977765
600 1 4 _aBravo Montilla, Blanca.
_931494
610 2 4 _aAteneo de Madrid-
_xActos culturales-
_y1988-
_vFotografías.
_91903
710 2 _aAteneo de Madrid.
_bSección de Ciencias Jurídicas y Políticas.
_91984
710 2 _aAcción Republicana Democrática Española
_91250
830 0 _aHomenaje a Madrid, en abril
_9227667
852 _aES-MaACL
_jFOT 81/1988
856 4 _uhttp://www.ateneodemadrid.net/biblioteca_digital/imagenes/1988/0081-1988.jpg
_zVer imagen
999 _c4267
_d4267